000 02686cam a22003131i 4500
003 SA-RiAUC
005 20241031142142.0
008 241031s2004 le g 00010 ara c
040 _aOM-MuMAM
_bara
_cSA-RiAUC
_erda
082 0 4 _a258.3
_qSA-RiAUC
090 _a258.3
_b ا م ا
100 1 _aالإمام الشافعي، محمد بن إدريس بن العباس،
_d150-204 هجري
_eمؤلف.
245 1 2 _aالأم /
_cتأليف أبي عبد الله محمد بن إدريس الشافعي ؛ أشرف على طبعه وباشر تصحيحه محمد زهري النجار.
264 1 _aبيروت :
_bدار المعرفة للطباعة والنشر،
_c(د؛ت)
300 _a9 مجلد في 5 ؛
_c24 سم
336 _aنص
_btxt
_2rdacontent
_3كتاب
337 _aبدون وسيط
_bn
_2rdamedia
338 _aمجلد
_bnc
_2rdacarrier
500 _aبآخر الكتاب مختصر المزني.
650 7 _aالفقه الشافعي
_2aucsh
700 1 _aالنجار، محمد زهري
_eمشرف.
700 1 2 _aالمزني، إسماعيل بن يحيى بن إسماعيل،
_d175-264 هجري
_tمختصر كتاب الأم في الفقه للإمام الشافعي، المسمى، مختصر المزني.
740 0 2 _aمختصر كتاب الأم في الفقه للإمام الشافعي، المسمى، مختصر المزني.
740 0 2 _aمختصر المزني.
856 _uhttp://www.alwaraq.net/Core/AlwaraqSrv/bookpage?book=147&option=1&fkey=2&page=1
_yDigital Copy
_2 نرجو الانتباه لإمكانية وجود اختلاف في الطبعة أو الناشر بين البيانات على البوابة وما ستجده على الكتاب نظرا لمحدودية المعلومات المتاحة على الموقع الناشر للمادة.
_3Please note that there may be a difference in the edition or publisher between the data on the portal and the book due to the limited information available on the publisher website for the material.
856 _uhttp://www.alwaraq.net/Core/waraq/coverpage?bookid=147&option=1
_yExternal Link
_2 نرجو الانتباه لإمكانية وجود اختلاف في الطبعة أو الناشر بين البيانات على البوابة وما ستجده على الكتاب نظرا لمحدودية المعلومات المتاحة على الموقع الناشر للمادة.
_3Please note that there may be a difference in the edition or publisher between the data on the portal and the book due to the limited information available on the publisher website for the material.
942 _2ddc
_cBOOK
_n0
949 _aSA-JeALM
_d241031
_ueid123
_n1
999 _c1946
_d1946